| 000 | 00437nam a2200169Ia 4500 | ||
|---|---|---|---|
| 003 | GCL | ||
| 008 | 140319s9999 xx 000 0 eng d | ||
| 040 |
_aGCL / _cGCL |
||
| 082 | 0 | 4 |
_a895.635 _bM W |
| 100 | 1 | _aMURAKAMI, HARUKI | |
| 245 | 1 | 0 |
_aA WILD SHEEP CHASE / _cMURAKAMI, HARUKI |
| 260 |
_a[S.N] : _bKODANSHA INTERNATIONAL ، _c1989 |
||
| 300 | _a299 P | ||
| 650 | 0 | 4 | _aLITERATURE |
| 650 | 0 | 4 | _aJAPAN - LITERATURE |
| 942 |
_2ddc _cBK |
||
| 999 |
_c19286 _d19286 |
||